Asiatische Inselstaaten - Statistiken

Allgemein
  • Dieses Quiz wurde 155 mal gespielt
  • Das Durchschnittsergebnis liegt bei 10 aus 11
Antwortstatistiken
Länder % Korrekt
Sri Lanka
99%
Indonesien
97%
Japan
95%
Taiwan
93%
Philippinen
92%
Malediven
91%
Osttimor
88%
Singapur
88%
Brunei
83%
Bahrain
71%
Zypern
60%
Keine übereinstimmenden Quizze gefunden
Verteilung der Resultate
Anzahl Personen mit jedem Resultat
Perzentil nach korrekt beantworteten Fragen
Ihre Resultats-Entwicklung
Sie haben dieses Quiz noch nicht gespielt